000
00279nam a2200121 a 4500
008
100924s1975|||| d
245
1
0
_a
Povesť o Tajge
100
1
_a
Fedosejev, Grigorij
260
_b
Pravda
_a
Bratislava
_c
1975
020
_c
18
044
_a
xo
_c
SK
041
_a
slo
999
_c
10680
_d
10680